| 000 | 00640nam a2200217 a 4500 | ||
|---|---|---|---|
| 999 |
_c1086 _d1086 |
||
| 008 | 191122t1999 ii a|||g |||| 00| 0 eng d | ||
| 020 |
_a9788187671015 _cRs. 295.00 |
||
| 040 |
_aKO _beng |
||
| 041 | 0 | _aeng | |
| 044 | _aii | ||
| 082 | 0 | 4 |
_223 _a158.1 _bC1626 |
| 100 | 1 | _aCanfield, Jack | |
| 245 | 1 | 0 |
_aChicken Soup for the Soul : _b101 stories to open the heart and rekindle the spirit / _cJack Canfield and Mark Victor Hansen |
| 260 |
_aChennai : _bWestland Ltd. , _c1999 |
||
| 300 |
_axvi, 308 p. : _bill. ; _c22 cm |
||
| 650 | 0 | _aInspiration | |
| 700 |
_aHansen, Mark Victor _eaut |
||
| 904 | _aA_BOSE | ||
| 942 | _cBK | ||